000 01489nam0a2200349 4500
001 RU\NLR\bibl\37567
005 20260406085453.0
021 _aRU
_b99-14416
_9694
035 _a(NLR Aleph) 000036607
090 _a188201
_c188201
100 _a19990708d1998 |||y0rusy50 ca
101 0 _arus
_deng
102 _aRU
105 _aa |||||||||
200 1 _aКвазиклассическое приближение для уравнения Дирака
_fА.Ф. Никифоров, Н.Н. Фимин
210 _aМ.
_cИПМ
_d1998
215 _a26 с.
_cил.
_d20
225 1 _aПрепринт
_fИн-т прикл. математики им. М.В. Келдыша Рос. акад. наук
_vN 56
300 _aРез. на англ. яз.
320 _aБиблиогр.: с. 13
606 0 _aУравнения Дирака
_xРешение
_xКвазиклассического приближения метод
_92103857
_3RU\NLR\auth\661272096
606 0 _aДирака уравнение
_xРешение
_xКвазиклассического приближения метод
_92103856
_3RU\NLR\auth\661272095
686 _aВ314.1с21
700 1 _aНикифоров
_bА. Ф.
_4070
701 1 _4070
_7ca
_8rus
_aФимин
_bН. Н.
_gНиколай Николаевич
_3RU\NLR\AUTH\770280076
_92652043
801 0 _aRU
_bNLR
_c19990708
_gPSBO
801 1 _aRU
_bNLR
_c19990708
852 _aNLR
_j99-4/4513
942 _cBOOK
980 _aNB